000 00302nam a22001337a 4500
008 170511b xxu||||| |||| 00| 0 eng d
020 _a9780395906064
041 _aeng
080 _27 ED
_a342
100 _a15
101 _aSHJ
245 _aPUBLIC ADMINISTRATION
_cSTILLMAN.R
942 _2udc
_cBK
999 _c13219
_d13219